00478nam a2200193 a 4500001001300000003000900013005001700022008004100039020001000080082001700090100001700107245002200124260004400146300000800190500003500198505001000233650002400243700001700267nice12345678IN_TiNIC20260116011729.0050524s1971 boma grp 000 0 eng  ac10000a248.32bSIN1 aSingh, Bakht aVoice of the Lord aBombaybGospel Literature Servicec1971 a56p aincludes index and biblioraphy2 aIndex aPrayer-Christianity1 aSingh, Bakht